000 00369nam a2200145Ia 4500
005 20240619035331.0
008 240331s9999 xx 000 0 und d
082 _bGAN
_a891.48
100 _aGanesalingan, S
245 0 _aNaangu suvarklukkul
_cS. Ganeshalingan
260 _aChennai
_bKumaran publishers
_c2000
300 _a246 p .,
650 _aFeminisum
942 _cL
999 _c3906
_d3906